000 00686cam a22002053a 4500
001 39733
003 PGUSA
005 20140828083903.0
008 120519s2012||||xxu|||||s|||||000 | eng d
040 _aPGUSA
_beng
042 _adc
100 1 _aCooley, Arnold
245 1 0 _aCooley's Cyclopædia of Practical Receipts and Collateral Information in the Arts, Manufactures, Professions, and Trades..., Sixth Edition, Volume I
_h[electronic resource] /
_cArnold Cooley
260 _bProject Gutenberg,
_c2012
506 _aPublic domain in the USA.
516 _aElectronic text
830 0 _aProject Gutenberg
_v39733
856 4 0 _uhttp://www.gutenberg.org/ebooks/39733
942 _cEB
999 _c268986
_d268986